| 000 | 00620nam a2200145Ia 4500 | ||
|---|---|---|---|
| 008 | 171212s9999 xx 000 0 und d | ||
| 020 | _a9781925021745 | ||
| 100 | _aSarjeant, Carmen | ||
| 245 |
_cSarjeant, Carmen _aContextualising the Neolithic Occupation of Southern Vietnam |
||
| 260 |
_bANU E Press _c2014 |
||
| 440 | _aTerra Australis | ||
| 650 | _aArchaeology | ||
| 650 | _aPrehistoric peoples -- Vietnam, Southern; Ceramics -- Vietnam, Southern -- An Son; Potters -- Vietnam, Southern -- An Son; Vietnam, Southern -- Antiquities; An Son (Vietnam) -- Antiquities | ||
| 856 | _uhttp://jstor.org/stable/j.ctt13wwvfm | ||
| 999 |
_c351052 _d351052 |
||